| 000 | 00713nam a2200241Ia 4500 | ||
|---|---|---|---|
| 005 | 20250425162209.0 | ||
| 008 | 250425s9999 xx 000 0 und d | ||
| 020 | _a9682432804 | ||
| 041 | _aspa | ||
| 043 | _amx | ||
| 082 |
_a341.754 _pBOT |
||
| 100 | _aBote Gómez, Venancio | ||
| 245 | 0 |
_aPlanificación económica del turismo : de una estrategia masiva a una artesanal _cVenancio Bote Gómez |
|
| 250 | _aPrimera edición; tercera reimpresión | ||
| 260 |
_aMéxico, D. F. _bTRILLAS _c2002 |
||
| 300 |
_a373 páginas _bilustraciones _c24 cm. |
||
| 504 | _aIncluye bibliografía | ||
| 650 | _aPlanificación económica | ||
| 650 | _aTurismo | ||
| 902 | _cImpreso | ||
| 942 | _c01 | ||
| 010 | _a55515 | ||
| 999 |
_c224311 _d224311 |
||